01658nam a22003254a 4500001001200000003000800012006001900020007001500039008004100054010001700095020002600112040002100138035002100159050002200180082001500202100002300217245012900240260004500369300001100414490004500425504006600470505039300536533015200929650001601081655002901097710001701126830004601143856012601189999001701315ebr10224646CaPaEBRm u cr cn|||||||||050825s2006 enk sb 001 0 eng  z 2005024744 z0826487211 (hardback) aCaPaEBRcCaPaEBR a(OCoLC)29057200914aB832b.M33 2006eb04a144/.32221 aMcDermid, Douglas.14aThe varieties of pragmatismh[electronic resource] :btruth, realism, and knowledge from James to Rorty /cDouglas McDermid. aLondon ;aNew York :bContinuum,cc2006. a176 p.1 aContinuum studies in American philosophy aIncludes bibliographical references (p. [159]-172) and index.0 aPragmatism and epistemology : deconstruction or reconstruction? -- The decline and fall of correspondence -- Keeping reality in mind : the comparison objection -- Neither worldmakers nor mirrors : the constructivist objection -- Towards a pragmatist epistemology -- Rorty's brave new pragmatism -- Anti-foundationalism : from the ground up -- Anti-representationalism and its discontents. aElectronic reproduction.bPalo Alto, Calif. :cebrary,d2013.nAvailable via World Wide Web.nAccess may be limited to ebrary affiliated libraries. 0aPragmatism. 7aElectronic books.2local2 aebrary, Inc. 0aContinuum studies in American philosophy.40uhttp://site.ebrary.com/lib/rucke/Doc?id=10224646zAn electronic book accessible through the World Wide Web; click to view c26330d26330